000 00638nam a2200217Ii 4500
003 JO-AjNU
008 230605s9999||||xx |||||||||||||| ||und||
017 _a1978/5270
020 _a977-247-527-8
040 _aJO-AjNU
_bara
_erda
_cJO-AjNU
041 _aara
050 1 4 _aPJ7844 1978
100 3 _aتأليف علي، عبد العزيز,
_eauthor
_935348
245 0 0 _aالثائر الصامت
264 3 1 _aالقاهرة:دار المعارف،1978
300 _a303ص
336 _atext
_btxt
_2rdacontent
337 _aunmediated
_bn
_2rdamedia
338 _avolume
_bnc
_2rdacarrier
650 4 _aمصر - تاريخ
_935349
999 _aA14584
_c18152
_d18152